Đề cương bài giảng quản lý kinh tế

Nội dung sách giới thiệu những vấn đề cơ bản về quản lý kinh tế. Cơ chế quản lý kinh tế trong hệ thống kinh tế quốc dân. Kinh tế thị trường định hướng XHCN. Quy trình đổi mới, xậy dựng cơ chế thị trường theo định hướng XHCN......

Full description

Saved in:
Bibliographic Details
Main Author: Lê, Thế Thịnh
Format: Book
Language:Undetermined
Published: Hà Nội Chính trị - Hành chính 2009
Subjects:
Tags: Add Tag
No Tags, Be the first to tag this record!
Institutions: Trung tâm Học liệu Trường Đại học Cần Thơ
LEADER 00985nam a2200205Ia 4500
001 CTU_227918
008 210402s9999 xx 000 0 und d
082 |a 354 
082 |b Th312 
100 |a Lê, Thế Thịnh 
245 0 |a Đề cương bài giảng quản lý kinh tế 
245 0 |c Lê Thế Thịnh ... [et al.] 
260 |a Hà Nội 
260 |b Chính trị - Hành chính 
260 |c 2009 
520 |a Nội dung sách giới thiệu những vấn đề cơ bản về quản lý kinh tế. Cơ chế quản lý kinh tế trong hệ thống kinh tế quốc dân. Kinh tế thị trường định hướng XHCN. Quy trình đổi mới, xậy dựng cơ chế thị trường theo định hướng XHCN... 
650 |a Hành chính công,Public administration 
650 |z Việt Nam,Vietnam 
910 |b dqhieu 
980 |a Trung tâm Học liệu Trường Đại học Cần Thơ